000 00401cam a22001337a 4500
008 180718b1999 xxu||||| |||| 00| 0 eng d
082 _aA3 M896
100 _aMukherjee, Meenakshi
245 _aRealism and reality: the novel and society in India
_cby Meenakshi Mukherjee
260 _aNew Delhi
_bOxford Univ. Press
_c1999
300 _a218p.
650 _aSocial condition - India
650 _aFiction
999 _c397874
_d397874